000 00933nam a2200265Ia 4500
003 OSt
005 20220918183224.0
006 a|||||r|||| 00| 0
007 ta
008 220917b |||||||| |||| 00| 0 eng d
024 _a36,829
037 _cTextual
040 _aARTS
_cARTS
_beng
041 _2eng
_aeng
082 _aO122,6M66p1,N90, N2 (MILSC)
110 _aInternational Seminar Organised Jointly By. The Sahitya Akademi And Festival Of France In India 15-17 January 1990
_962306
245 0 _aPapers
_b Universality of man
260 _aNew Delhi
_bSahitya Akademi
_c1992
300 _a184p.
_ccm.
500 _aIncludes index
650 _aENGLISH LITERATURE
700 _aInternational Seminar Organised Jointly By. The Sahitya Akademi And Festival Of France In India 15-17 January 1990
_962307
942 _hO122,6M66p1,N90, N2 (MILSC)
_cTEXL
_2CC
999 _c171915
_d171915